000 00832nab a2200253 u 4500
001 14864
003 HDC
007 cr bn ---aaaaa
008 210216c mydr|nes 0 a may d
040 _aHDC
100 _aShahrizan Salian
_eauthor
_98378
245 0 _aFGV rancang senarai anak syarikat di bursa saham /
_cby Shahrizan Salian
260 _aMalaysia:
_bBerita Harian,
_c2014
336 _atext
_2rdacontent
337 _acomputer
_2rdamedia
338 _aonline resource
_2rdacarrier
650 _aentrepreneur
_91863
650 _ainvestments
_91553
710 _aBerita Harian
856 _zRequest full-text at [email protected]
942 _2lcc
942 _cNEWS
942 _kNSWC 004734
999 _c12180
_d12180